| 000 | 00734nam a2200241 i 4500 | ||
|---|---|---|---|
| 001 | bgj | ||
| 100 | 1 | _aMORRIS, Wright. | |
| 245 | 1 | 0 |
_aA cloak of light : _bwriting my life / _cWright Morris. |
| 250 | _aSignet 1st ed. | ||
| 260 |
_a[Philadelphia] : _bThe Franklin Library Franklin Center, _c1985. |
||
| 300 |
_a[10], 306 pp, [9] l. phot. ; _c25 cm. |
||
| 500 | _aLimited ed. personally signed by the author. | ||
| 505 | _aIncl. a special message from the author. | ||
| 600 | 1 | 9 | _aMorris Wright (1910-, writer) |
| 650 | 9 |
_aNovelists, American _y20th century |
|
| 655 | _aBiographies | ||
| 655 | _aMemoirs | ||
| 020 | _ahbk | ||
| 040 | _cBPK | ||
| 041 | 0 | _aeng | |
| 942 | _cKS | ||
| 008 | s uk f |000 0 eng | ||
| 999 |
_c41374 _d41374 |
||
| 856 |
_uhttp://koha.tu.koszalin.pl/cgi-bin/koha/opac-detail.pl?biblionumber=41374 _yKatalog online BPK |
||